| 000 | 02575cam a2200397 a 4500 | ||
|---|---|---|---|
| 999 |
_c328766 _d328766 |
||
| 003 | Nust | ||
| 005 | 20170416163347.0 | ||
| 008 | 170216b xxu||||| |||| 00| 0 eng d | ||
| 020 | _a0878559124 (pbk.) | ||
| 040 | _cNust-MCE | ||
| 082 | 0 | 0 |
_a355.4 _bSTR |
| 100 | _aKlaus Knorr | ||
| 245 | 0 | 0 |
_aStrategic military surprise : _bincentives and opportunities / _cedited by Klaus Knorr and Patrick Morgan, with contributions by Michael Doyle, Michael Handel, Richard Betts. |
| 260 |
_aNew Brunswick, U.S.A. : _bTransaction Books, _c1983. |
||
| 300 |
_avi, 265 p. ; _c24 cm. |
||
| 650 | 0 | _aStrategy. | |
| 650 | 0 | _aSurprise (Military science) | |
| 650 | 0 | _aMCE | |
| 700 | 1 | _aKnorr, Klaus, | |
| 700 | 1 | _aMorgan, Patrick M., | |
| 942 |
_cBK _2ddc |
||